000 00913nam a2200253Ia 4500
003 OSt
005 20220930091030.0
006 a|||||r|||| 00| 0
007 ta
008 220926b |||||||| |||| 00| 0 eng d
024 _a3390
037 _cTheses
040 _aCRL
_cCRL
_beng
041 _2eng
_aeng
100 _aK. Balu Mahendra
_9544540
110 _aUniversity of Delhi. Faculty of Medical Science. Department of General Surgery
_9544541
245 0 _aComparative study between intraoperative cholangiography and choledochoscopy to determine Ductal clearance in patients undergoing laparoscopic choledocholithotomy
260 _c2012
650 _aMEDICINE
700 _a Chander Jagdish Gu.
_9544542
700 _aUniversity of Delhi. Faculty of Medical Science. Department of General Surgery
_9544543
942 _cDIS
_2CC
999 _c881535
_d881535